| 000 | 00330nam a2200109Ia 4500 | ||
|---|---|---|---|
| 008 | 171204s9999 xx 000 0 und d | ||
| 245 | 2 | _aA Reference Grammar of Chinese: | |
| 245 | _cChu-Ren Huang and Dingxu Shi | ||
| 260 | _c2016 | ||
| 650 | _xForeign Language 3 (Mandarin) | ||
| 856 | _uhttp://down.ebook777.com/040/0521769396.pdf | ||
| 999 |
_c346682 _d346682 |
||